000 00367 a2200169 4500
001 160505
020 _a85-06-04357-3
040 _cMagnum
100 _aAguiar, Luiz Antonio
240 1 0 _aMoby dick
_lpor
245 1 0 _aMoby dick
300 _a48
362 0 _a2000
440 1 _aMelhoramentos
697 _aLITERATURA INFANTO-JUVENIL ESTRANGEIRA
942 _cBK
999 _c160505
_d160505